| 000 | 00974nam a2200253Ia 4500 | ||
|---|---|---|---|
| 003 | OSt | ||
| 005 | 20220923220234.0 | ||
| 006 | a|||||r|||| 00| 0 | ||
| 007 | ta | ||
| 008 | 220922b |||||||| |||| 00| 0 hin d | ||
| 024 | _a185,337 | ||
| 037 | _cTextual | ||
| 040 |
_aARTS _cARTS _bhin |
||
| 041 |
_2hin _ahin |
||
| 082 | _aO152,2xN, N6 | ||
| 100 | _aअग्रवाल, गिरिराजशरण, संपा. | ||
| 245 | 0 | _aपिछले दशक के श्रेष्ठ हास्य व्यंग्य एकांकी | |
| 246 | _aPichhale dashak ke shreṣhṭha hāsya vyangya ekāankī | ||
| 260 |
_aबिजनौर _b हिन्दी साहित्य निकेतन _c1996 |
||
| 300 |
_a136 i` _ccm. |
||
| 650 |
_aहिन्दी साहित्य _9156264 |
||
| 942 |
_hO152,2xN, N6 _cTEXL _2CC |
||
| 999 |
_c338583 _d338583 |
||